000 00565cam a22002291 4500
001 sa 64008101
003 DLC
005 20260227112052.0
008 900214s1964 pk a 000 0 urdr
010 _asa 64008101
035 _a(OCoLC)21063306
040 _aDLC
_cWaU
_dDLC
042 _apremarc
050 0 0 _aBP189.5.A4
_bK5
100 1 _aKhan, Abdul Majid.
245 1 0 _aMard-i muʼmin.
260 _c[1964]
300 _a241 p.
_billus.
_c22 cm.
500 _aIn Urdu.
500 _aText partially vocalized.
600 1 0 _aʻAlī, Aḥmad,
_d1886-1962.
999 _c60691
_d60691